| 000 | 00726 a2200169 4500 | ||
|---|---|---|---|
| 003 | NUST | ||
| 005 | 20230116130759.0 | ||
| 040 | _cNust | ||
| 082 | _a372.973,VUI | ||
| 100 |
_avuicich, George _974734 |
||
| 245 |
_aUnderstanding the united state / _cGeorge Vuicich |
||
| 260 |
_aNew York _bMc Graw-Hill _c1979 |
||
| 300 | _a432. p; | ||
| 505 | _aMcGraw-Hill Elementary Social Studies Rationale (Page-4), Knowledge (Page-8), Skills (Page-10), Awareness (Page-10), How was this Curriculum Made into a Program ? (Page-12), Teaching the McGraw-hill Program (Page-13), About Grade (Page-17), Teachers Education Contents by Lesson (Page-21). | ||
| 650 |
_aUnderstanding the united state _9106870 |
||
| 942 |
_2ddc _cBK _k372.973,VUI |
||
| 999 |
_c185866 _d185866 |
||